A guide to literary criticism / (Record no. 154463)

MARC details
000 -LEADER
fixed length control field 00544nam a22001817a 4500
005 - DATE AND TIME OF LATEST TRANSACTION
control field 20180719170707.0
010 ## - LCCN (DPL NO)
LC control number ENG-123567
020 ## - INTERNATIONAL STANDARD BOOK NUMBER
Terms of availability 75.00
International Standard Book Number 9788179663639
035 ## - SYSTEM CONTROL NUMBER
System control number EN-107099
037 ## - SOURCE OF ACQUISITION
Source of stock number/acquisition DBAD/PUB
082 ## - DEWEY DECIMAL CLASSIFICATION NUMBER
Classification number 809.034
100 ## - MAIN ENTRY--PERSONAL NAME
Personal name Seethalaxmi, P.
245 ## - TITLE STATEMENT
Title A guide to literary criticism /
Statement of responsibility, etc by P. Seethalaxmi
260 ## - PUBLICATION, DISTRIBUTION, ETC. (IMPRINT)
Place of publication, distribution, etc Chennai
Name of publisher, distributor, etc Emerald Publishers
Date of publication, distribution, etc 2013
270 ## - ADDRESS
Address 15A, First Floor, Casa Major Road, Egmore,
City Chennai
Postal code 600005
300 ## - PHYSICAL DESCRIPTION
Extent 100p.
Dimensions 21cm.(pbk)
942 ## - ADDED ENTRY ELEMENTS (KOHA)
Source of classification or shelving scheme Dewey Decimal Classification
Item type English Books
Classification part 809.034
Call number suffix SEE
Holdings
Withdrawn status Lost status Not for loan Collection code Home library Current library Date acquired Source of acquisition Cost, normal purchase price Full call number Barcode Copy number Cost, replacement price Koha item type
    Not For Loan Non-fiction D.B.Act.Division Patel Nagar 20/07/2018 DBAD/PUB 75.00 809.034 SEE EN-107099 1 75.00 English Books

© Delhi Public Library
Hit Counter
free hit counter